| 000 | 00800nam a2200277 a 4500 | ||
|---|---|---|---|
| 001 | 54106 | ||
| 003 | BD-RjUL | ||
| 005 | 20211209080055.0 | ||
| 008 | 161101s2002 ii a 001 0 eng | ||
| 020 | _a812031638X | ||
| 035 | _a(BD-RjUL)54228 | ||
| 040 |
_aDLC _cDLC _dBD-RjUL _beng |
||
| 041 | _aeng | ||
| 082 | 0 | 0 |
_a006.74 _223 _bPHP 2002 |
| 100 | 1 |
_aPhillips, Lee Anne. _9161537 |
|
| 245 | 1 | 0 |
_aPractical HTML 4 / _cLee Anne Phillips. |
| 250 | _aEstern Economy ed. | ||
| 260 |
_aNew Delhi : _bPrentice-Hall, _cc1999 [ Printing 2002] |
||
| 300 |
_axiii, 700 p. : _bill. ; _c23 cm. |
||
| 490 | _aUsing HTML 4. | ||
| 500 | _aIncludes Index | ||
| 650 | 0 |
_aHypertext systems. _9161538 |
|
| 650 | 0 |
_aHTML (Document markup language) _9119591 |
|
| 830 |
_aUsing HTML 4. _9161636 |
||
| 942 |
_2ddc _cBK |
||
| 999 |
_c54106 _d54106 |
||